LEADER 01261nas 2200409-a 450 001 996213352503316 005 20240413015217.0 035 $a(DE-599)ZDB2556795-0 035 $a(OCoLC)647768566 035 $a(CKB)2650000000000093 035 $a(CONSER)--2010247808 035 $a(NjHacI)992650000000000093 035 $a(EXLCZ)992650000000000093 100 $a20100714a20109999 s-- - 101 0 $aeng 135 $aur|||||||| 181 $ctxt$2rdacontent 182 $cc$2rdamedia 183 $acr$2rdacarrier 200 00$aGenome integrity 210 $aLondon $cBioMed Central$d2010- 210 1$aLondon :$cBioMed Central,$d2010. 210 4$dİ9999 215 $a1 online resource 300 $aRefereed/Peer-reviewed 311 $a2041-9414 320 $aIncludes bibliographical references. 330 $a"Genome Integrity publishes research on all aspects of genome integrity, the cellular processes underlying maintenance of genome stability, and the effects of instability." 531 $aGenome Integr 606 $aGenomes$vPeriodicals 615 0$aGenomes 676 $a572 712 02$aBioMed Central Ltd. 906 $aJOURNAL 912 $a996213352503316 996 $aGenome integrity$91946021 997 $aUNISA